Marketing v zdravotníctve

Podstata a špecifiká marketingu v zdravotníctve. Marketingový mix zdravotníckeho zariadenia. Marketingový manažment zdravotníckeho zariadenia.

Salvato in:
Dettagli Bibliografici
Autore principale: Hanuláková, Eva, 1964-
Natura: Capitolo di libro
Lingua:slovacco
Soggetti:
Tags: Aggiungi Tag
Nessun Tag, puoi essere il primo ad aggiungerne!!

MARC

LEADER 00000nla a2200000 4500
001 0243941
005 20240502073942.6
041 0 |a slo 
044 |a SK 
245 1 0 |a Marketing v zdravotníctve  |c Eva Hanuláková 
520 |a Podstata a špecifiká marketingu v zdravotníctve. Marketingový mix zdravotníckeho zariadenia. Marketingový manažment zdravotníckeho zariadenia. 
610 2 0 |a zdravotníctvo verejné 
610 2 0 |a zariadenia zdravotnícke 
610 2 0 |a marketing mix 
610 2 0 |a manažment 
610 2 0 |a plánovanie 
610 2 0 |a analýzy 
100 1 |a Hanuláková, Eva, 1964-